00570 2200217 4500001002100000005001500021035002000036007000300056008004100059020002200100082000800122084001400130100002800144245004700172250001200219260003400231300002100265600004700286856000800333990001100341INLIS00000000000036820260409100114 a0010-0426000027ta260409 0  a978-979-070-199-1 a200 a200 DRS c0 aDrs.H.MUSTAGHFIRI ASROR1 aCONTOH CONTOH PEMBAWA ACARA PIDATO DAN DOA aPERTAMA aSEMARANG :bANEKA ILMU,c2010 a184 hlm ;c21 cm 4aCONTOH CONTOH PEMBAWA ACARA,PIDATO,DAN DOA a200 a35.109